Charlie Hunnam Filmography - Statistics

General Stats
  • This quiz has been taken 13 times
    4 since last reset
  • The average score is 6 of 32
Answer Stats
Type Year Name % Correct
TV Show 2008-2014 Sons of Anarchy
100%
Film 2019 The Gentlemen
75%
Film 2015 Crimson Peak
50%
Film 2017 King Arthur: Legend of the Sword
50%
Film 2013 Pacific Rim
50%
Film 2017 Papillon
50%
Film 2016 The Lost City of Z
50%
TV Show 1998 Byker Grove
25%
Film 2003 Cold Mountain
25%
Film 2005 Green Street Hooligans
25%
Film 2021 Last Looks
25%
Web Series 2025 Monsters
25%
Film 2002 Nicholas Nickleby
25%
TV Show 1999-2000 Queer as Folk
25%
Film 2019 Triple Frontier
25%
Film 2012 3, 2, 1... Frankie Go Boom
0%
Film 2002 Abandon
0%
Film 2018 A Million Little Pieces
0%
Film 2006 Children of Men
0%
Web Series 2025 Criminal
0%
Film 2012 Deadfall
0%
Film 2019 Jungleland
0%
TV Show 1999 Microsoap
0%
TV Show 1999 My Wonderful Life
0%
Video Game 2014 Pacific Rim: Jaeger Pilot Oculus Rift Experience
0%
Film 2023 Rebel Moon - Part One: A Child of Fire
0%
Web Series 2022 Shantaram
0%
Film 2011 The Ledge
0%
Film 2019 True History of the Kelly Gang
0%
TV Show 2001-2003 Undeclared
0%
Film 1999 Whatever Happened to Harold Smith?
0%
TV Show 2000 Young Americans
0%
No matching quizzes found
Score Distribution
Percent of People with Each Score
Percentile by Number Answered
Your Score History
You have not taken this quiz since the last reset